000 00964nas a2200301 4500
001 BR2022000625
003 BR-BrBNA
005 20231205132259.0
007 ta
008 230509b bl.|||p| |||| 00| 00por d
040 _aBR-BrBNA
_bpor
_cBiblioteca Nacional de Agricultura
041 _a(Pt)
072 _aF01; F50
100 1 _aMenegaes, J.F.
100 1 _aBellé, R.A.
100 1 _aBackes, F.A.A.L.
100 1 _aZago, A.P.
100 1 _aFranzen, F. de L.
245 1 _aQualidade das hastes florais de nove cultivares crisântemo de corte com diferentes despontes
650 _aFLOR PARA CORTE
650 _aCRISÂNTEMO
650 _aPRÁTICA CULTURAL
650 _aMORFOLOGIA VEGETAL
773 0 _tActa Iguazu (Brazil)
_xISSN 2316-4093
_g(2017), v. 6(1) p. 64-71
_wBR2022000625
856 4 0 _uhttps://e-revista.unioeste.br/index.php/actaiguazu/article/view/16702/11269
909 _a202311
_bLúcia
_c55
_dLúcia Elande
942 _2AGRIS
_n0
_cANA
999 _c259460
_d259460